Statistics for Top 20 Cassava Producing Countries

Click here to take the quiz!

General Stats

  • This quiz has been taken 50 times
  • The average score is 13 of 20

Answer Stats

Answer% Correct
Brazil
86%
Democratic Republic of the Congo
86%
India
86%
Nigeria
83%
Angola
81%
China
81%
Indonesia
72%
Thailand
72%
Ghana
69%
Tanzania
69%
Mozambique
67%
Cameroon
64%
Uganda
64%
Vietnam
58%
Rwanda
53%
Cambodia
50%
Madagascar
50%
Malawi
47%
Benin
42%
Sierra Leone
31%

Score Distribution

Percentile by Number Answered

Percent of People with Each Score

Your Score History

You have not taken this quiz